000 00327nam a22001097a 4500
082 _a920/DAS
100 _aEd. by Dash,Bishnu mohan and Mithilesh kumar
_983976
245 _aNanaji deshmukh an epitome of indian social work
260 _aNew delhi
_bConcept publishing company pvt. ltd.
_c2021
650 _aBiography
942 _cBK
999 _c68992
_d68992